Online
Catalog

Drugs and alcohol / (Record no. 10911)

MARC details
000 -CABECERA
campo de control de longitud fija 00760cam a2200241 a 4500
001 - NÚMERO DE CONTROL
campo de control 000011190
005 - FECHA Y HORA DE LA ÚLTIMA TRANSACCIÓN
campo de control 20250722101745.0
008 - DATOS DE LONGITUD FIJA--INFORMACIÓN GENERAL
campo de control de longitud fija 690714s1969 nyua b 001 0 eng
040 ## - FUENTE DE LA CATALOGACIÓN
Centro catalogador/agencia de origen DO-SdBNP
Lengua de catalogación eng
Centro/agencia transcriptor LC
Centro/agencia modificador BNPHU
050 00 - SIGNATURA TOPOGRÁFICA DE LA BIBLIOTECA DEL CONGRESO
Número de clasificación RC566
Número de documento/Ítem .J63
082 ## - NÚMERO DE LA CLASIFICACIÓN DECIMAL DEWEY
Número de clasificación 613.83
Número de documento/Ítem J76d
049 ## - FONDOS LOCALES (OCLC)
Fondos de biblioteca BNGR
100 1# - ENTRADA PRINCIPAL--NOMBRE DE PERSONA
Nombre de persona Jones, Kenneth Lamar,
Fechas asociadas al nombre 1931-
9 (RLIN) 26743
245 10 - MENCIÓN DE TÍTULO
Título Drugs and alcohol /
Mención de responsabilidad, etc. Kenneth L. Jones, Louis W. Shainberg, Curtis O. Byer.
260 ## - PUBLICACIÓN, DISTRIBUCIÓN, ETC.
Lugar de publicación, distribución, etc. New York :
Nombre del editor, distribuidor, etc. Harper & Row,
Fecha de publicación, distribución, etc. 1969.
300 ## - DESCRIPCIÓN FÍSICA
Extensión viii, 132 p. :
Otras características físicas il. ;
Dimensiones 24 cm.
504 ## - NOTA DE BIBLIOGRAFÍA, ETC.
Nota de bibliografía, etc. Bibliografía: p. 119-121.
650 #0 - PUNTO DE ACCESO ADICIONAL DE MATERIA--TÉRMINO DE MATERIA
Término de materia o nombre geográfico como elemento de entrada Abuso de drogas
9 (RLIN) 26744
650 #4 - PUNTO DE ACCESO ADICIONAL DE MATERIA--TÉRMINO DE MATERIA
Término de materia o nombre geográfico como elemento de entrada Alcoholismo
9 (RLIN) 26745
700 1# - PUNTO DE ACCESO ADICIONAL--NOMBRE DE PERSONA
Nombre de persona Shainberg, Louis W.
9 (RLIN) 26746
700 1# - PUNTO DE ACCESO ADICIONAL--NOMBRE DE PERSONA
Nombre de persona Byer, Curtis O.
9 (RLIN) 26747
910 ## - DATOS DE OPCIÓN DEL USUARIO (OCLC)
Datos de opción del usuario Catalogación por copia / LC
Holdings
Estado de retiro Estado de pérdida Restricciones de uso No para préstamo Código de colección Localización permanente Ubicación/localización actual Ubicación en estantería Fecha de adquisición Número de inventario Total de préstamos Signatura topográfica completa Código de barras Fecha visto por última vez Precio válido a partir de Tipo de ítem Koha
    Préstamo interno   Monografías: Libros y Folletos General General En catalogación 14.10.2009 LF1   613.83 J76d 11190-10 25.06.2020 25.06.2020 Préstamo interno

Powered by Koha